[Event "CZE-chT2e 0607"]
[Site "Czech Republic"]
[Date "2006.12.17"]
[Round "5.6"]
[White "Vavra, Antonin"]
[Black "Krejci, Jan"]
[Result "1/2-1/2"]
[WhiteElo "1998"]
[BlackElo "2200"]
[PlyCount "111"]
[EventDate "2006.10.15"]
[EventType "team"]
[EventRounds "11"]
[EventCountry "CZE"]
[SourceTitle "EXT 2009"]
[Source "ChessBase"]
[SourceDate "2008.11.26"]
[SourceVersion "1"]
[SourceVersionDate "2008.11.26"]
[SourceQuality "1"]

1. Nf3 d5 2. b3 c5 3. Bb2 Nc6 4. e3 e6 5. g3 f5 6. Bg2 Nf6 7. 0-0 Be7 8. d4 0-0 9. Nbd2 b5 10. c4 bxc4 11. bxc4 Rb8 12. Bc3 Ne4 13. Nxe4 dxe4 14. Ne5 Nxe5 15. dxe5 Qxd1 16. Rfxd1 Rd8 17. Bf1 Kf7 18. Be2 g6 19. Rdb1 Bd7 20. Rb3 Rxb3 21. axb3 Rb8 22. Bd1 Rb7 23. Ra6 Bd8 24. Kf1 Bb6 25. Ke2 g5 26. Bc2 g4 27. Ra1 h5 28. h3 gxh3 29. Rh1 Kg6 30. Rxh3 Kg5 31. Rh1 Bc6 32. Kd2 Rd7+ 33. Ke2 Rh7 34. Rd1 Rd7 35. Ra1 Rf7 36. Rd1 Rd7 37. Rxd7 Bxd7 38. Bd1 h4 39. gxh4+ Kxh4 40. b4 a6 41. Bb3 Kg4 42. bxc5 Bxc5 43. Bd2 Ba3 44. Bc3 f4 45. exf4 Kxf4 46. Bc2 Bc6 47. Bb3 Bf8 48. Bc2 Be8 49. Bb3 Kf5 50. Bc2 Bh6 51. f3 Bc6 52. fxe4+ Bxe4 53. Ba4 Bf4 54. Bd7 Bb7 55. c5 Bxe5 56. Bxe5 1/2-1/2

[Event "Stare Mesto op"]
[Site "Stare Mesto"]
[Date "2005.08.12"]
[Round "1"]
[White "Lechtynsky, Jiri"]
[Black "Vavra, Antonin"]
[Result "1-0"]
[WhiteElo "2442"]
[BlackElo "2005"]
[PlyCount "73"]
[EventDate "2005.08.12"]
[EventType "swiss"]
[EventRounds "9"]
[EventCountry "CZE"]
[SourceTitle "EXT 2006"]
[Source "ChessBase"]
[SourceDate "2005.11.24"]
[SourceVersion "1"]
[SourceVersionDate "2005.11.24"]
[SourceQuality "1"]

1. e4 c6 2. d4 d5 3. exd5 cxd5 4. c4 Nf6 5. Nc3 g6 6. cxd5 Nbd7 7. Nf3 Nb6 8. Bb5+ Bd7 9. Bxd7+ Qxd7 10. Qb3 Bg7 11. Ne5 Qd8 12. d6 0-0 13. dxe7 Qxe7 14. 0-0 Rad8 15. Re1 Nfd5 16. Bd2 Qd6 17. Ne4 Qb8 18. a4 Nd7 19. Nf3 N7f6 20. Bg5 h6 21. Nxf6+ Nxf6 22. Bh4 Rd7 23. Ne5 Rxd4 24. Bg3 Qd8 25. Nxg6 Re8 26. Rxe8+ Nxe8 27. Re1 Bf6 28. Ne5 Nd6 29. Nf3 Re4 30. Rd1 Re6 31. Qd5 Be7 32. Nd4 Rf6 33. Be5 Rg6 34. Nf5 Rg5 35. Bxd6 Bxd6 36. Qxd6 Qxd6 37. Nxd6 1-0